Quizzes
Events
Quiz Creation
Community
Videos
Private Events
Remove Ads
Sign In
Join for FREE
Feedback
Dark Mode
Quiz Categories
Sports
Geography
Music
Movies
Television
Just For Fun
Miscellaneous
History
Literature
Language
Science
Gaming
Entertainment
Religion
Holiday
For Kids
Quiz Lab
Recent
Popular Today
Quiz Kudos Today
Editor Picks
Curator Picks
Quizzes by...
Day
Popularity
Type
Ratings
Length
Year
Community
Subscriptions
Recent Discussions
Orange Saloon
Badges
Playlists
Quests
Create
Leaderboards
Showdown
Live 5
Trivia Bingo
Activity
Puzzle Library
Sporcle Events
Private Events
Virtual Trivia
Globe League
Become a Host
Pub Owners
SporcleCon
Opinionation
Our Games
Videos
Blog
Mobile Apps
Partnerships
Remove Ads and Go Orange
Feedback
Entertainment
Celebrity
Famous
Musical
Broadway
Show
Quote
Comic Books
Anime
Superhero
DC Comics
Marvel
Cartoons
Animation
Entertainment
Celebrity
Famous
Musical
Broadway
Show
Quote
Comic Books
Anime
Superhero
DC Comics
Marvel
Cartoons
Animation
Random Quiz
Search Sporcle
×
Quiz Lab
Quiz Lab
Entertainment
DC Comics
Type in answers that appear in a list
Type in answers that appear in a list
Classic
Best Score? Go Orange.
Bat Family secret identity Stats
Can you find the full name of these hero ?
By
Snowstyx
7m
22 Questions
63 Plays
63 Plays
63 Plays
Comments
Comments
Give Quiz Kudos
Give Quiz Kudos
-
- Ratings
hide this ad
Replay
Link that replays current quiz
Next Quiz
Link to next quiz in quiz playlist
You Got
0%
They Got
Avg Score
72%
Avg Friend Score
Upgrade to see
Score Distribution
Jump to the score distribution portion of the page
Score
0/22
Timer
07:00
0
Plays Today
Characters
Names
% Correct
Batman
Bruce Wayne
100%
Batgirl /
Oracle
Barbara Joan Gordon
100%
Catwoman
Selina Kyle
100%
Nightwing
Richard John Grayson
100%
Robin
Damian Wayne
100%
Red Robin
Timothy Jackson Drake
100%
Batwoman
Katherine Rebecca Kane
96.4%
Harley Quinn
Harleen Quinzel
96.4%
Red Hood
Jason Peter Todd
96.4%
Batgirl /
Orphan
Cassandra Cain
92.9%
Batwing
Lucas Fox
89.3%
Characters
Names
% Correct
Bat-
Hound
Ace
89.3%
Batgirl /
Spoiler
Stephanie Brown
89.3%
The Signal
Duke Thomas
85.7%
Huntress
Helena Bertinelli
82.1%
Azrael
Jean-Paul Valley
71.4%
Bluebird
Harper Row
67.9%
Clayface
Basil Karlo
32.1%
Hawkfire
Mary Elizabeth Kane
28.6%
Gotham Girl
Claire Clover
17.9%
Ghost-
Maker
Minhkhoa Khan
17.9%
Nightrunner
Bilal Asselah
17.9%
Quiz Playlist
Details
Report
Send in Message
Add To Playlist
Classic:
Type in answers that appear in a list
Last Updated: Jan 13, 2023
Quiz Scoreboard
CHALLENGE
Sign Up to Join the Scoreboard
Show All
Scores
Hide
Comments
May contain spoilers
Recently Published
An Introduction to Baseball
by treessimontrees
Sports
5m
Movies - When Are They Set?
by FPL_Elf
Movies
5m
Popular People in 1961
by mucciniale
History
6m
More to Explore
Quiz From the Vault
Featured Blog Post
Where Did the Easter Bunny Come From?
hide this ad
You Might Also Like...
Tags
Comic Books Quiz
DC Comics Quiz
Superhero Quiz
bat
Bat Family
Family
Identity
Personage
Today's Top Quizzes in Entertainment
Browse Entertainment
hide this ad
Today's Top Quizzes in DC Comics
Browse DC Comics
Top Contributed Quizzes in Entertainment
1
7-to-1: DC Comics Villains
2
Kamen Rider Motifs
3
Dragon Ball Z: Goku's Fights in Order
4
Marvel Characters Bunker
5
Eurovision 2023 Logic Puzzle
6
Dragon Ball Z: Mega Character Search
7
Criteria Quickie: Cartoon Taxonomy II
8
Fictional Villains Letter U Blitz
9
Sorting Pictures: Villains
10
Who Wants to Be a Millionaire: Anime Edition
Explore More
Trending Topics
Harry Potter
NBA
Kpop
Disney
Crossword
Marvel
Anime
Country
Soccer
Puzzle
Pokémon
NFL
Song
WWE
The Office
hide this ad
More By:
Snowstyx
Quiz
Plays
Rating
Category
Featured
Created
Sonic Characters ( Games Only )
588
3.00
Gaming
Aug 21, 2018
50 Indie Games Challenge
191
4.50
Gaming
Aug 30, 2017
My Hero Academia Superhero Name
126
5.00
Entertainment
Aug 29, 2017
Disneyland Paris Map
93
Entertainment
Jan 24, 2023
In which anime did Kaji Yuki dub?
89
5.00
Entertainment
Aug 30, 2017
Go to Creator's Profile
Score Distribution
Quiz Creator Spotlight
Snowstyx
Follow
Send a Message
Quizzes Created
-
Created Quiz Play Count
-
More By This Creator
Popular Quizzes Today
1
Find the Countries of Europe - No Outlines Minefield
2
Find the US States - No Outlines Minefield
3
The Countries of the World
4
Popular People in 1961
5
Find the US States
6
US States
7
1-10 Letter E Words III
8
Risky Map Clicking: Biggest States A-Z
More Entertainment Quizzes
'S' Funko Pop! Characters
Quiz Lab
Trending Quizzes
Risky Map Clicking: Least Populous States A-Z
1-10 Letter F Words
1-10 Letter G Words
Not Quite an Element Typing Challenge
One Thing in Common: United Kingdom
Recently Updated
Leaping Animals
pecheneg
Reality TV Shows (A-Z)
bhenderson79
Rickey Henderson's Hall of Fame Teammates
pecheneg
Champions League XIs: Arsenal
pecheneg
Quick Pick: Celebrities in WWE's Hall of Fame
aduchscher
A-Z Keypad Blitz II
pecheneg
Multiple Oscar Actors
pecheneg
Mystery Phrase Blitz: Oscar 'Best Actors'
pecheneg
F. Scott Fitzgerald Novels
LTH
Pick 3 Villains
ddd62291
Trending Topics
NBA
Kpop
Harry Potter
Disney
Anime
Marvel
Crossword
WWE
Soccer
Pokémon
Country
The Office
Puzzle
Song
NFL
Your Account Isn't Verified!
In order to create a playlist on Sporcle, you need to verify the email address you used during registration. Go to your
Sporcle Settings
to finish the process.
Report this User
Report this user for behavior that violates our
Community Guidelines
.
Details:
Send Report
Go to the Sporcle.com Mobile Site →
Comments